Statistics for 鳥類の日本固有種

Click here to take the quiz!

General Stats

  • This quiz has been taken 16 times
  • The average score is 5 of 22

Answer Stats

FamilyAnswer% Correct
クイナ科ヤンバルクイナ
93%
メジロ科メグロ
40%
キジ科ヤマドリ
33%
キツツキ科アオゲラ
33%
キツツキ科ノグチゲラ
33%
イワヒバリ科カヤクグリ
27%
アホウドリ科アホウドリ
27%
セキレイ科セグロセキレイ
20%
ハト科オガサワラカラスバト
20%
カラス科ルリカケス
20%
ヒタキ科アカコッコ
13%
カワセミ科ミヤコショウビン
13%
シギ科アマミヤマシギ
13%
ムシクイ科イイジマムシクイ
13%
ヒタキ科アカヒゲ
7%
ハト科リュウキュウカラスバト
7%
ヒタキ科オガサワラガビチョウ
7%
アトリ科オガサワラマシコ
7%
ミズナギドリ科オガサワラヒメミズナギドリ
7%
サギ科ミゾゴイ
7%
ムシクイ科メボソムシクイ
7%
ホオジロ科ノジコ
7%

Score Distribution

Percentile by Number Answered

Percent of People with Each Score

Your Score History

You have not taken this quiz